| 000 | 00495nam a2200145Ia 4500 | ||
|---|---|---|---|
| 008 | 230917s9999||||xx |||||||||||||| ||und|| | ||
| 040 |
_e180435 _aMAIN |
||
| 041 | _aEnglish | ||
| 082 | _a891.431721 SR19:SS | ||
| 100 | _aशर्मा, सुरेश | ||
| 245 | 0 | _aरघुवीर सहायरजनावली : य़थार्थ का अर्थ | |
| 260 |
_aनयी दिल्ली _bराजकमल प्रकाशन _c2000 |
||
| 300 | _a639 p. | ||
| 942 | _cHN | ||
| 999 |
_c107348 _d107348 |
||